Statistics for Anagram Chain - Best Picture Oscar Winners

Click here to take the quiz!

General Stats

  • This quiz has been taken 79 times
  • The average score is 5 of 24

Answer Stats

Hint Answer % Correct
Cruise, Hoffman ->RAIN MAN
100%
Remove M, A, R, N; Add I, C, Tx2TITANIC
84%
Remove T; Add L, OPLATOON
40%
Remove C, Ix2; Add O, PPATTON
34%
Remove O, A, N; Add H, G, T, I, SSPOTLIGHT
26%
Remove S, I, T; Add P, Ex2, Dx2THE DEPARTED
19%
Remove P, T, E, Dx2; Add V, R, A, BBRAVEHEART
19%
Remove G, N; Add T, A, RTHE ARTIST
18%
Remove R, Ex2; Add L, N, S, Ax3CASABLANCA
18%
Remove O, L, P; Add N, ETHE STING
18%
Remove B, D; Add N, ARAIN MAN
18%
Remove D, E, U, M, A; Add H, R, CCRASH
16%
Remove G, A; Add Y, K, CROCKY
15%
Remove S, C, R; Add D, I, N, GGANDHI
15%
Remove K, O, C; Add T, A, MMARTY
15%
Remove T, L, H; Add S, U, D, AAMADEUS
13%
Remove H, G; Add M, B, RBIRDMAN
13%
Remove S, B, A, N; Add D, E, VCAVALCADE
13%
Remove A, V, T, R, H; Add Cx2REBECCA
13%
Remove Y, R; Add L, E, HHAMLET
11%
Remove A, E, Nx2, Lx2; Add G, O, Cx2CHICAGO
11%
Remove H, I, Cx2; Add RARGO
11%
Remove D, A, Cx2; Add B, O, L, T, U, EALL ABOUT EVE
5%
Remove B, O, V, U, T, E; Add H, I, Nx2ANNIE HALL
5%

Score Distribution

Percentile by Number Answered

Percent of People with Each Score

Your Score History

You have not taken this quiz